Protocol No.11 to the convention for the protection of human rights and fundamental freedoms restructuring the control machinery established thereby

Guardado en:  
Detalles Bibliográficos
Autor Corporativo: Europarat (Otro)
Tipo de documento: Print Libro
Lenguaje:Inglés
Publicado: Strasbourg Council of Europe 1994
En:Año: 1994
Disponibilidad en Tübingen:Disponible en Tübingen.
IFK: 7925
Verificar disponibilidad: HBZ Gateway
Servicio de pedido Subito: Pedir ahora.
Palabras clave:

MARC

LEADER 00000cam a22000002c 4500
001 1522004467
003 DE-627
005 20220603164300.0
007 tu
008 151116s1994 xx ||||| 00| ||eng c
035 |a (DE-627)1522004467 
035 |a (DE-576)452004462 
035 |a (DE-599)BSZ452004462 
040 |a DE-627  |b ger  |c DE-627  |e rakwb 
041 |a eng 
245 0 0 |a Protocol No.11 to the convention for the protection of human rights and fundamental freedoms restructuring the control machinery established thereby 
264 1 |a Strasbourg  |b Council of Europe  |c 1994 
300 |a 14 S. 
336 |a Text  |b txt  |2 rdacontent 
337 |a ohne Hilfsmittel zu benutzen  |b n  |2 rdamedia 
338 |a Band  |b nc  |2 rdacarrier 
490 0 |a European Treaty Series  |v 155 
583 1 |a Archivierung prüfen  |c 20200919  |f DE-640  |z 1  |2 pdager 
710 2 |a Europarat  |0 (DE-588)36821-0  |0 (DE-627)10084457X  |0 (DE-576)190348828  |4 oth 
951 |a BO 
ELC |b 1 
LOK |0 000 xxxxxcx a22 zn 4500 
LOK |0 001 2873298294 
LOK |0 003 DE-627 
LOK |0 004 1522004467 
LOK |0 005 20151116135526 
LOK |0 008 150728||||||||||||||||ger||||||| 
LOK |0 035   |a (DE-21-110)kd21775 
LOK |0 040   |a DE-21-110  |c DE-627  |d DE-21-110 
LOK |0 689   |a s  |a Europäische Menschenrechtskonvention 
LOK |0 689   |a s  |a Reform 
LOK |0 689   |a s  |a Europäischer Gerichtshof für Menschenrechte 
LOK |0 852   |a DE-21-110 
LOK |0 852 1  |c 7925  |m p  |9 00 
LOK |0 935   |a k110 
LOK |0 938   |k p 
LOK |0 939   |a 28-07-15  |b l01 
ORI |a SA-MARC-krimdoka001.raw 
SIG |a IFK: 7925